Der Posner Wandrer

Titel: Der Posner Wandrer : ein Führer durch die Umgebung Posens / von Martin Kremmer
Verfasser:
Veröffentlicht: Posen : Verl. d. Hansa, 1897
Umfang: 106 S. : Ill. + 2 Faltkt.
Format: Buch
Sprache: Deutsch
Kein Bild verfügbar
X
Lokale Klassifikation: 34 8 P 1
alg: 13341397
001A    $03004:13-10-05 
001B    $01999:22-11-16 $t00:13:46.000 
001C    $06002:02-03-06 $t12:41:00.000 
001D    $03004:13-10-05 
001U    $0utf8 
001X    $00 
002@    $0Aar 
003@    $0133413977 
003O    $0179798531 $aOCoLC 
007A    $0133413977 $aHEB 
007T    $0Herdhh133413977 
010@    $ager 
011@    $a1897 
021A    $aDer @ Posner Wandrer $dein Führer durch die Umgebung Posens $hvon Martin Kremmer 
028A    $#Kremmer, Martinus $7 $8Kremmer, Martin [Tnd] $9149506287 
033A    $pPosen $nVerl. d. Hansa 
034D    $a106 S. 
034K    $a2 Faltkt. 
034M    $aIll. 
047C    $a{Der Posener Wanderer} 

lok: 13341397 24
101B    $013-10-05 $t14:06:01.000 
101C    $013-10-05 
145Z/01 $a34 8 P 1 
101U    $0utf8 

exp: 13341397 24 1 #EPN
201B/01 $027-08-20 $t14:01:44.000 
201C/01 $013-10-05 
201U/01 $0utf8 
203@/01 $0306127849 
208@/01 $a13-10-05 $br 
209A/01 $a34 VIII P 123 $du $f050 $h34 8 P 123 $x00 
209A/01 $aBestand Publikationsstelle Berlin-Dahlem $x01 
209A/01 $aDeutscher Ostmarkenverein $x02 
209C/01 $aP 1262 $hP 1262 
209G/01 $a71105652 $x00 
220C/01 $aost 
220D/01 $aVorbesitzer: Deutscher Ostmarkenverein; Publikationsstelle Berlin-Dahlem. - Stempel: Bücherei der Geschäftsstelle Berlin des Deutschen Ostmarken-Vereins; Stempel: Bücherei der Publikationsstelle; Exlibris: Stiftung des Deutschen Ostmarkenvereins; Zugangsnummer: Publikationsstelle Berlin-Dahlem: O. V.-Acc. 412 
244Z/01 $#Ostmarkenverein Deutsches Reich $#Hakatisten $#Ostmarkenverein $#DOV $710362-7 $8--Tb1--Deutscher Ostmarkenverein $x80 $904022242X 
244Z/01 $#Publikationsstelle Berlin-Dahlem $7121760-4 $8--Tb1--Preußisches Geheimes Staatsarchiv$bPublikationsstelle $x81 $9040715051 
244Z/01 $aStempel $x99 
244Z/01 $aZugangsnummer $x99 
244Z/01 $aExlibris $x99 
244Z/01 $aNS-Raubgut $x99 
247C/01 $8358050-7 Marburg, Bibliothek des Herder-Instituts Marburg $9102600961 

lok: 13341397 78

exp: 13341397 78 1 #EPN
201B/01 $019-04-17 $t19:51:30.000 
201U/01 $0utf8 
203@/01 $0794063349 
208@/01 $a12-11-16 $be 
209A/01 $a/ $f000 $x00 
237A/01 $aweiterführende Signatur(en): Herder-Institut: 34 VIII P 123 
244Z/01 $2Trx $#Großpolen $#Greater Poland $#Velkopolsko $8--Trx--Wielkopolska $x01 $9391277227 
244Z/01 $2Trx $#Poola $#Lenkija $#Polija $#Polen Land $#Poland $#Lengyelország $#Poľsko $#Polsko $8--Trx--Polska$gkraj $x02 $9391345966 
244Z/01 $2Trx $8--Trx--Monographie $x03 $9391384546 
247C/01 $82080>Marburg/Lahn, Herder-Institut, Forschungsbibliothek, Bibliographieportal $9336309341
LEADER 00000cam a22000002c 4500
001 133413977
003 DE-603
005 20161122001346.0
007 tu
008 051013s1897 xx |||| | u00||u|ger c
035 |a (DE-599)HEB133413977 
035 |a (OCoLC)179798531 
040 |a DE-603  |b ger  |c DE-603  |d DE-603 
041 |a ger 
100 1 |a Kremmer, Martin  |0 (DE-603)149506287 
245 0 0 |a ˜Derœ Posner Wandrer  |b ein Führer durch die Umgebung Posens  |c von Martin Kremmer 
246 1 0 |a Der œPosener Wanderer} 
264 1 |a Posen  |b Verl. d. Hansa  |c 1897 
300 |a 106 S.  |b Ill.  |e 2 Faltkt. 
924 0 |9 Mb 50  |a (DE-603)306127849  |b DE-Mb50  |c HES  |d c  |g 34 VIII P 123 
924 0 |9 2080  |a (DE-603)794063349  |b DE-2080  |c HES  |d d  |g /